Normal view
MARC view
- Supervisor Dr. Saif Ullah Awan
Entry Personal Name
001 - CONTROL NUMBER
- control field: 69699
003 - CONTROL NUMBER IDENTIFIER
- control field: NUST
005 - DATE AND TIME OF LATEST TRANSACTION
- control field: 20210628204258.0
008 - FIXED-LENGTH DATA ELEMENTS
- fixed length control field: 210628|| aca||aabn | a|a d
040 ## - CATALOGING SOURCE
- Original cataloging agency: NUST
- Transcribing agency: NUST
100 ## - HEADING--PERSONAL NAME
- Personal name: Supervisor Dr. Saif Ullah Awan
670 ## - SOURCE DATA FOUND
- Source citation: Work cat.: (NUST): Muhammad Saqib 69697, TH-SOF-1605-Design, FEM Modeling and Optimization of 3-DOF Drive Mode Microgyroscope, 2018
